Mlynársky dvor

Enregistré dans:
Détails bibliographiques
Auteur principal: Furcoň, Dávid (Auteur)
Autres auteurs: Palko, Milan (Directeur de thèse)
Format: Manuscrit Livre
Langue:slovaque
Publié: 2021
Sujets:
Accès en ligne:http://is.stuba.sk/zp/portal_zp.pl?podrobnosti=159352
https://opac.crzp.sk/?fn=detailBiblioForm&sid=7E417B54B864B7C45224FC4635AB
Tags: Ajouter un tag
Pas de tags, Soyez le premier à ajouter un tag!

MARC

LEADER 00000ntm a22000003a 4500
001 stuzp85093
003 SK-STU
005 20230512095913.8
007 ta
008 150427s2015----xo-----f-mn---000-0-slo-d
040 |a STU  |b slo 
041 0 |a slo 
100 1 |a Furcoň, Dávid  |u 010180  |4 aut  |U SvF Stavebná fakulta  |T SvF Katedra konštrukcií pozemných stavieb  |X 81150  |U V180  |Y 18  |7 81150 
242 0 1 |a Mill yard  |y eng 
245 1 0 |a Mlynársky dvor 
260 |c 2021 
650 4 |a Mlynársky dvor  |2 slo 
650 4 |a Sála  |2 slo 
650 4 |a Apartmánový dom  |2 slo 
650 4 |a Múzeum mlyna  |2 slo 
650 4 |a Areál  |2 slo 
650 4 |a Objekt  |2 slo 
650 4 |a Architektúra  |2 slo 
650 4 |a Apartment building  |2 eng 
650 4 |a Mill yard  |2 eng 
650 4 |a Hall  |2 eng 
650 4 |a Mill museum  |2 eng 
650 4 |a Area  |2 eng 
650 4 |a Building  |2 eng 
650 4 |a Architecture  |2 eng 
700 1 |a Palko, Milan  |u 010180  |k Z1  |4 ths  |U SvF Stavebná fakulta  |T SvF Katedra konštrukcií pozemných stavieb  |X 2552  |U V180  |Y 18  |7 A000002552 
856 4 |u http://is.stuba.sk/zp/portal_zp.pl?podrobnosti=159352 
856 4 |u https://opac.crzp.sk/?fn=detailBiblioForm&sid=7E417B54B864B7C45224FC4635AB